| 000 | 00348cam a2200145ua 4500 | ||
|---|---|---|---|
| 041 |
_aeng _h |
||
| 082 |
_a828.09 _bJES/GE |
||
| 100 | _aJessop, T.E . | ||
| 245 |
_aGeorge Berkeley / _cT.E Jessop. _hTextual Documents |
||
| 260 |
_aLondon : _bLongman Green and Co , _c1959. |
||
| 300 | _a36 ; . | ||
| 504 | _a | ||
| 942 | _cBK | ||
| 999 |
_c6796 _d6796 |
||